| 000 | 00865nam a2200265Ia 4500 | ||
|---|---|---|---|
| 003 | OSt | ||
| 005 | 20220928122346.0 | ||
| 006 | a|||||r|||| 00| 0 | ||
| 007 | ta | ||
| 008 | 220927b |||||||| |||| 00| 0 eng d | ||
| 020 | _cUKP 110.00 | ||
| 024 | _a135816 | ||
| 037 |
_b1405, 14/09/2017, Bright Book Service _cTextual |
||
| 040 |
_aSDCL _cSDCL _beng |
||
| 041 |
_2eng _aeng |
||
| 082 | _aSigma73(Q7).43'P, Q6 | ||
| 100 |
_aDandekar Deepra Ed. _9457709 |
||
| 245 | 0 | _aIslam, Sufism and everyday polotocs of belongong in South Asia | |
| 260 |
_aLondon _bRoutledge _c2016 |
||
| 300 |
_axiv,365p. _ccm. |
||
| 650 | _aHistory | ||
| 700 |
_a Tschacher Torsten Ed. _9457710 |
||
| 942 |
_hSigma73(Q7).43'P, Q6 _cTEXL _2CC |
||
| 999 |
_c771149 _d771149 |
||